| 000 | 01028nam a2200229 a 4500 | ||
|---|---|---|---|
| 001 | 000255970 | ||
| 003 | AM-YeHGA | ||
| 005 | 20250618071722.0 | ||
| 008 | 030822s1947 ai ||||gr|||||||||0|arm|d | ||
| 040 | _aAM-YeHGA | ||
| 041 | 0 | _aarm | |
| 100 | 1 |
_aԱտրյան, Վարդան Հովհաննեսի, _d1896-1974 _92190 |
|
| 245 | 1 | 0 |
_aԵրկեր : _b[Վիպակներ; Պատմվածքներ] / _cՎ. Ատրյան; Պատ. խմբ.՝ Ռ. Աղաբաբ. |
| 260 |
_aԹբիլիսի : _bՎրաստանի պետհրատ, _c1947. |
||
| 300 |
_a263 էջ : _bնկ. ; _c19 սմ. |
||
| 505 | 0 | _aԲժշկուհին, Կյանքի հեքյաթը, Սպասում, Ճակատագիր, Անմահական աղբյուրը, Շավարշ Մամյան | |
| 650 | 1 | 4 |
_aՀայ գրականություն _xԱրձակ |
| 700 | 1 |
_aԱղաբաբ, Ռուբեն Հակոբի, _d1911-1970 _eխմբ. _4edt _9599 |
|
| 856 | 4 | 1 |
_uhttps://arar.sci.am/dlibra/publication/388689/edition/359544/content _yԿարդալ առցանց |
| 942 |
_2udc _cBK |
||
| 090 | _c93485 | ||
| 999 |
_c92186 _d92186 |
||